[Event "Wroclaw Anderssen Memorial op-B"]
[Site "Wroclaw"]
[Date "2023.??.??"]
[Round "8"]
[White "Egli, Urs Martin"]
[Black "Kotkowski, Jacek Stefan"]
[Result "0-1"]
[WhiteElo "1808"]
[BlackElo "1446"]
[PlyCount "58"]
[EventDate "2023.08.06"]
[EventType "swiss"]
[EventRounds "9"]
[EventCountry "POL"]
[SourceTitle "EXT 2024"]
[Source "ChessBase"]
[SourceDate "2023.10.10"]
[SourceVersion "1"]
[SourceVersionDate "2023.10.10"]
[SourceQuality "1"]

1. g3 e5 2. Bg2 d5 3. d3 Be6 4. Nf3 Nc6 5. 0-0 Be7 6. Nc3 Qd7 7. e4 d4 8. Ne2 0-0-0 9. Ng5 Bxg5 10. Bxg5 f6 11. Bd2 g5 12. f4 gxf4 13. gxf4 Bh3 14. Ng3 Bxg2 15. Kxg2 Qg7 16. Kh1 h5 17. Nf5 Qg6 18. Rg1 Qf7 19. Qe2 Nge7 20. Rg7 Qe6 21. Nxe7+ Nxe7 22. f5 Qd6 23. Rag1 Rdf8 24. Be1 c5 25. Bh4 Kd8 26. Qd2 b6 27. Qd1 Qc6 28. b3 a5 29. a4 Nxf5 0-1

[Event "Wroclaw Anderssen Memorial op-B"]
[Site "Wroclaw"]
[Date "2023.??.??"]
[Round "1"]
[White "Kotkowski, Jacek Stefan"]
[Black "Rajda, Krystian"]
[Result "0-1"]
[WhiteElo "1446"]
[BlackElo "1803"]
[PlyCount "44"]
[EventDate "2023.08.06"]
[EventType "swiss"]
[EventRounds "9"]
[EventCountry "POL"]
[SourceTitle "EXT 2024"]
[Source "ChessBase"]
[SourceDate "2023.10.10"]
[SourceVersion "1"]
[SourceVersionDate "2023.10.10"]
[SourceQuality "1"]

1. e4 c5 2. Nf3 Nc6 3. c3 Nf6 4. e5 Nd5 5. d4 cxd4 6. cxd4 e6 7. Nc3 Nxc3 8. bxc3 d6 9. exd6 Bxd6 10. Bd3 Qa5 11. Bd2 Bd7 12. 0-0 Qh5 13. Rb1 0-0 14. Rxb7 Nxd4 15. cxd4 Bc6 16. Ne5 Qxd1 17. Rxd1 Bxb7 18. Rb1 Bxe5 19. dxe5 Rfd8 20. Rb3 Bd5 21. Rb2 Rab8 22. Rc2 Bxa2 0-1